[Event "GRE-chT 42nd"]
[Site "Porto Rio"]
[Date "2014.06.29"]
[Round "2.4"]
[White "Tsangaris, Spyridon"]
[Black "Papadimitriou, Athanasios"]
[Result "1/2-1/2"]
[WhiteElo "1996"]
[BlackElo "2286"]
[PlyCount "84"]
[EventDate "2014.06.28"]
[EventType "team-swiss"]
[EventRounds "7"]
[EventCountry "GRE"]
[SourceTitle "CBM 161 Extra"]
[Source "ChessBase"]
[SourceDate "2014.08.29"]
[SourceVersion "1"]
[SourceVersionDate "2014.08.29"]
[SourceQuality "1"]
[WhiteTeam "Patron CN"]
[BlackTeam "Thessaloniki Interior"]
[WhiteTeamCountry "GRE"]
[BlackTeamCountry "GRE"]

1. c4 c5 2. Nc3 Nc6 3. g3 g6 4. Bg2 Bg7 5. Nf3 e5 6. d3 Nge7 7. 0-0 0-0 8. Bd2 d6 9. Rb1 h6 10. a3 a5 11. Nb5 Be6 12. Qc1 Kh7 13. b4 axb4 14. axb4 Nxb4 15. Bxb4 cxb4 16. Rxb4 d5 17. Nd2 Qd7 18. Qc2 Rfc8 19. Rfb1 Nc6 20. R4b2 Na5 21. Rb4 dxc4 22. dxc4 f5 23. Qd3 Rd8 24. Qxd7 Rxd7 25. R1b2 Rad8 26. Nf1 Bf8 27. Ra4 Nxc4 28. Rb1 e4 29. Nc3 Bc5 30. e3 b6 31. h4 h5 32. Ne2 Na5 33. Nf4 Bc4 34. Rc1 Bxf1 35. Bxf1 Nb3 36. Re1 Nd2 37. Be2 Rd6 38. Kg2 Nb3 39. Ra7+ R8d7 40. Ra8 Rd8 41. Ra7+ R6d7 42. Ra2 Rd2 1/2-1/2

[Event "GRE-chT Div-A 38th"]
[Site "Peristeri"]
[Date "2010.07.05"]
[Round "1"]
[White "Tsangaris, Spyridon"]
[Black "Kotronias, Vasilios"]
[Result "0-1"]
[WhiteElo "2002"]
[BlackElo "2582"]
[PlyCount "52"]
[EventDate "2010.07.05"]
[EventType "team-swiss"]
[EventRounds "7"]
[EventCountry "GRE"]
[SourceTitle "CBM 137 Extra"]
[Source "ChessBase"]
[SourceDate "2010.09.01"]
[SourceVersion "1"]
[SourceVersionDate "2010.09.01"]
[SourceQuality "1"]

1. c4 Nf6 2. Nc3 g6 3. g3 Bg7 4. Bg2 0-0 5. Nf3 d6 6. 0-0 e5 7. d3 Re8 8. Rb1 a5 9. a3 h6 10. b4 axb4 11. axb4 e4 12. Ne1 exd3 13. exd3 Nc6 14. Nc2 Bg4 15. f3 Be6 16. b5 Ne7 17. Ne4 d5 18. Nc5 Bc8 19. Nb3 dxc4 20. dxc4 Ra4 21. Ne3 Qxd1 22. Rxd1 Nf5 23. Nd5 Nxd5 24. cxd5 Nd4 25. Nxd4 Bxd4+ 26. Kf1 Bf5 0-1

[Event "Patra Achaios"]
[Site "Patra"]
[Date "2009.02.15"]
[Round "7"]
[White "Tsangaris, Spyridon"]
[Black "Spyropoulos, Georgios"]
[Result "1-0"]
[WhiteElo "1993"]
[BlackElo "2193"]
[PlyCount "77"]
[EventDate "2009.02.06"]
[EventType "tourn"]
[EventRounds "5"]
[EventCountry "GRE"]
[SourceTitle "EXT 2024"]
[Source "ChessBase"]
[SourceDate "2023.10.10"]
[SourceVersion "1"]
[SourceVersionDate "2023.10.10"]
[SourceQuality "1"]

1. c4 e5 2. Nc3 Nc6 3. g3 d6 4. Bg2 Be6 5. d3 Qd7 6. Rb1 a5 7. Nd5 Nf6 8. Nxf6+ gxf6 9. Nf3 h5 10. h4 Rg8 11. b3 d5 12. cxd5 Bxd5 13. 0-0 Rd8 14. Bb2 Bc5 15. e3 Qe7 16. d4 Bb6 17. Re1 f5 18. Ng5 Bxg2 19. Kxg2 Nb4 20. Ba3 Rd6 21. Bxb4 axb4 22. Qxh5 Rdg6 23. dxe5 Qxe5 24. Qf3 c6 25. Qf4 Bc7 26. Qxe5+ Bxe5 27. Rbd1 Ke7 28. Rd3 Ra8 29. Red1 f6 30. Rd7+ Ke8 31. Nh3 Rxa2 32. Nf4 Bxf4 33. exf4 Re2 34. Rxb7 Re7 35. Rxb4 Rgg7 36. Rb8+ Kf7 37. Rc1 Re6 38. Rc8 Re4 39. R1xc6 1-0

[Event "Patra Achaios"]
[Site "Patra"]
[Date "2009.02.07"]
[Round "2"]
[White "Georgakopoulos, Nikolaos"]
[Black "Tsangaris, Spyridon"]
[Result "1-0"]
[WhiteElo "2187"]
[BlackElo "1993"]
[PlyCount "55"]
[EventDate "2009.02.06"]
[EventType "tourn"]
[EventRounds "5"]
[EventCountry "GRE"]
[SourceTitle "EXT 2024"]
[Source "ChessBase"]
[SourceDate "2023.10.10"]
[SourceVersion "1"]
[SourceVersionDate "2023.10.10"]
[SourceQuality "1"]

1. e4 c6 2. d4 d5 3. exd5 cxd5 4. c4 Nf6 5. Nc3 e6 6. Nf3 Bb4 7. cxd5 Nxd5 8. Qc2 Nc6 9. Bd3 Ba5 10. a3 Nxc3 11. bxc3 Nxd4 12. Nxd4 Qxd4 13. 0-0 Qxc3 14. Bb5+ Kf8 15. Qb1 a6 16. Be2 Qc7 17. a4 Bd7 18. Rd1 Bc6 19. Ba3+ Kg8 20. Bd6 Qb6 21. Qd3 Bd5 22. Qg3 Bc3 23. Rab1 Qd8 24. Bf3 Bxf3 25. Qxf3 Qf6 26. Qxb7 Re8 27. Be7 Qf5 28. Qd7 1-0

[Event "Ambelokipi op 82nd"]
[Site "Athens"]
[Date "2007.11.14"]
[Round "4"]
[White "Kosmas Lekkas, Dimitrios"]
[Black "Tsangaris, Spyridon"]
[Result "1/2-1/2"]
[WhiteElo "1998"]
[BlackElo "2006"]
[PlyCount "102"]
[EventDate "2007.11.03"]
[EventType "swiss"]
[EventRounds "7"]
[EventCountry "GRE"]
[SourceTitle "EXT 2024"]
[Source "ChessBase"]
[SourceDate "2023.10.10"]
[SourceVersion "1"]
[SourceVersionDate "2023.10.10"]
[SourceQuality "1"]

1. d4 d5 2. Nf3 Nf6 3. c4 c6 4. Nc3 dxc4 5. a4 Bf5 6. Nh4 Bg6 7. Nxg6 hxg6 8. e4 e6 9. Bxc4 Bb4 10. f3 Qc7 11. g3 Nbd7 12. 0-0 0-0-0 13. Be3 Rh3 14. Qe2 Rdh8 15. Qg2 Qa5 16. Rfc1 Nb6 17. Bf1 R3h7 18. Na2 Rxh2 19. Qxh2 Rxh2 20. Kxh2 Bd2 21. Rc5 Qxa4 22. Bxd2 Qxd4 23. Rc2 Qf2+ 24. Bg2 Nh5 25. Rac1 Qxg3+ 26. Kg1 Nd7 27. Be1 Qf4 28. Rc3 Ne5 29. R1c2 Ng3 30. Nc1 g5 31. Bxg3 Qxg3 32. Kf1 Qf4 33. Nd3 Nxd3 34. Rxd3 g4 35. Rcd2 gxf3 36. Bxf3 g5 37. Ke1 f5 38. exf5 exf5 39. Bg2 Qh4+ 40. Kd1 Qa4+ 41. Kc1 Qa1+ 42. Kc2 Qa4+ 43. Kb1 g4 44. Rd4 Qa5 45. Bf1 Qe5 46. Be2 Qe3 47. Bd1 Kc7 48. Rd7+ Kc8 49. Rd8+ Kc7 50. R8d7+ Kc8 51. Rd8+ Kc7 1/2-1/2

[Event "Panagiotis Apergis op"]
[Site "Ano Liosia"]
[Date "2007.04.27"]
[Round "2"]
[White "Tsangaris, Spyridon"]
[Black "Paraskevas, Spyridon"]
[Result "1-0"]
[WhiteElo "1992"]
[BlackElo "1000"]
[PlyCount "53"]
[EventDate "2007.04.24"]
[EventType "swiss"]
[EventRounds "7"]
[EventCountry "GRE"]
[SourceTitle "EXT 2008"]
[Source "ChessBase"]
[SourceDate "2007.11.25"]
[SourceVersion "1"]
[SourceVersionDate "2007.11.25"]
[SourceQuality "1"]

1. c4 c5 2. Nc3 Nf6 3. Nf3 e6 4. g3 d5 5. cxd5 Nxd5 6. Bg2 Bd7 7. Nxd5 exd5 8. 0-0 Bd6 9. d4 b6 10. dxc5 bxc5 11. Qxd5 0-0 12. Qxa8 a6 13. Qd5 Be6 14. Qd3 c4 15. Qc2 Qc7 16. Ng5 g6 17. Nxe6 fxe6 18. Bh6 Rf6 19. Rad1 Bf8 20. Bxf8 Kxf8 21. Rd4 Qa5 22. Qxc4 Kg7 23. Rfd1 Qf5 24. Rf4 Qa5 25. Rxf6 Kxf6 26. Qf4+ Kg7 27. Qxb8 1-0

[Event "Ambelokipi op 73rd"]
[Site "Athens"]
[Date "2006.11.22"]
[Round "6"]
[White "Michailidis, Dimitrios"]
[Black "Tsangaris, Spyridon"]
[Result "0-1"]
[WhiteElo "1978"]
[BlackElo "1902"]
[PlyCount "178"]
[EventDate "2006.11.04"]
[EventType "swiss"]
[EventRounds "7"]
[EventCountry "GRE"]
[SourceTitle "EXT 2008"]
[Source "ChessBase"]
[SourceDate "2007.11.25"]
[SourceVersion "1"]
[SourceVersionDate "2007.11.25"]
[SourceQuality "1"]

1. e4 e6 2. d4 d5 3. Nc3 Bb4 4. e5 c5 5. a3 Bxc3+ 6. bxc3 Ne7 7. Nf3 Qa5 8. Bd2 c4 9. Be2 Bd7 10. Ng5 h6 11. Nh3 Nbc6 12. 0-0 0-0-0 13. f4 Rdg8 14. Bh5 g6 15. Bg4 Nf5 16. Qe1 Qd8 17. a4 Qa5 18. Qf2 Kb8 19. Rfb1 Nce7 20. Qe1 Nc6 21. Bc1 Nfxd4 22. Qd2 Nf5 23. Ba3 Ka8 24. Bb4 Qb6+ 25. Kh1 Qe3 26. Qf2 Qxf2 27. Nxf2 Nce7 28. a5 Bc6 29. Bf3 Re8 30. Rb2 g5 31. Bh5 Ng6 32. Kg1 gxf4 33. Re1 Ng7 34. Bf3 Nh4 35. Nh3 Nxf3+ 36. gxf3 Rhg8 37. Kf2 Nh5 38. Rbb1 Ba4 39. Rb2 Rg6 40. Rg1 Reg8 41. Rxg6 fxg6 42. Ng1 Ng7 43. Ne2 g5 44. Nd4 Bd7 45. Rb1 Nf5 46. Rg1 Nh4 47. Be7 Nf5 48. Bf6 Kb8 49. Rg4 Re8 50. Rg2 Ne3 51. Rg1 Ba4 52. h4 gxh4 53. Bxh4 Nxc2 54. Ne2 Ne3 55. Rg6 Bc2 56. Rxh6 Nf5 57. Rh5 Nxh4 58. Rxh4 b6 59. axb6 axb6 60. Rxf4 Re7 61. Nd4 Ba4 62. Rf6 Bd7 63. Ke3 b5 64. Nc2 Kc7 65. Nb4 Rh7 66. Kd4 Rh4+ 67. Ke3 Rh1 68. Nc2 Kd8 69. Rf8+ Ke7 70. Rg8 Rd1 71. Nb4 d4+ 72. cxd4 Rb1 73. Na6 Bc6 74. Rg7+ Kf8 75. Rg3 b4 76. Kd2 Rb2+ 77. Kc1 c3 78. Nc5 Kf7 79. f4 Re2 80. Rh3 Be4 81. Nxe4 Rxe4 82. Rd3 Rxf4 83. Kc2 Rf2+ 84. Kc1 Ke7 85. Rh3 Kd7 86. Rh7+ Kc6 87. Re7 b3 88. Rxe6+ Kb5 89. Re8 Rf1# 0-1

[Event "Ambelokipi op 73rd"]
[Site "Athens"]
[Date "2006.11.15"]
[Round "4"]
[White "Tsangaris, Spyridon"]
[Black "Thomassin, Alexandre"]
[Result "1-0"]
[WhiteElo "1902"]
[BlackElo "1829"]
[PlyCount "115"]
[EventDate "2006.11.04"]
[EventType "swiss"]
[EventRounds "7"]
[EventCountry "GRE"]
[SourceTitle "EXT 2008"]
[Source "ChessBase"]
[SourceDate "2007.11.25"]
[SourceVersion "1"]
[SourceVersionDate "2007.11.25"]
[SourceQuality "1"]

1. c4 g6 2. Nc3 c6 3. Nf3 Bg7 4. g3 d6 5. Bg2 Nf6 6. d3 Nbd7 7. Bd2 e5 8. Qc1 h6 9. Rb1 a5 10. a3 a4 11. Qc2 Nc5 12. Be3 Nfd7 13. Nd2 0-0 14. Nde4 Nxe4 15. Nxe4 d5 16. Nd6 d4 17. Bd2 Qc7 18. c5 Rd8 19. Bb4 Nf6 20. Nc4 Be6 21. 0-0 Ra6 22. Rfc1 h5 23. Qd2 Bxc4 24. Rxc4 Re8 25. Qd1 h4 26. Bd2 e4 27. Rxd4 hxg3 28. hxg3 exd3 29. Rxd3 Qe7 30. Be3 Raa8 31. b4 axb3 32. Rdxb3 Ra7 33. Bf3 Rea8 34. Qc1 Ne4 35. Bxe4 Qxe4 36. Rxb7 Rxa3 37. Rb8+ Kh7 38. R8b4 Qxb4 39. Rxb4 Ra1 40. Rb1 Rxb1 41. Qxb1 Ra1 42. Qxa1 Bxa1 43. Kg2 Kg7 44. Kf3 f6 45. Ke4 Be5 46. g4 Bc7 47. Bd4 Kf7 48. f4 Bb8 49. Bc3 Bc7 50. Be1 Bb8 51. Ba5 Ke7 52. e3 Ba7 53. Kd4 Ke6 54. Bc7 Kd7 55. Bd6 Ke6 56. e4 f5 57. exf5+ gxf5 58. g5 1-0

[Event "Ambelokipi op 73rd"]
[Site "Athens"]
[Date "2006.11.11"]
[Round "3"]
[White "Konstantopoulos, Dimitrios"]
[Black "Tsangaris, Spyridon"]
[Result "1/2-1/2"]
[WhiteElo "1840"]
[BlackElo "1902"]
[PlyCount "149"]
[EventDate "2006.11.04"]
[EventType "swiss"]
[EventRounds "7"]
[EventCountry "GRE"]
[SourceTitle "EXT 2008"]
[Source "ChessBase"]
[SourceDate "2007.11.25"]
[SourceVersion "1"]
[SourceVersionDate "2007.11.25"]
[SourceQuality "1"]

1. e4 e6 2. d4 d5 3. Nc3 Bb4 4. e5 c5 5. a3 Bxc3+ 6. bxc3 Ne7 7. Qg4 Nf5 8. Bd3 h5 9. Qf3 cxd4 10. Bxf5 exf5 11. cxd4 Be6 12. Ne2 Nc6 13. Bd2 Qb6 14. Qe3 Na5 15. Bxa5 Qxa5+ 16. Qd2 Qxd2+ 17. Kxd2 Bd7 18. Nf4 Be6 19. Rab1 0-0-0 20. h4 Rd7 21. Rb5 g6 22. Rhb1 Rhd8 23. Nd3 Rc7 24. Nf4 Rdd7 25. R1b4 Rc6 26. Nd3 Rdc7 27. Rc5 Bd7 28. Rxc6 Bxc6 29. Nf4 Rd7 30. Kd3 b5 31. Rb3 Re7 32. Rc3 Kb7 33. Rc5 Rd7 34. e6 fxe6 35. Nxe6 a5 36. Ng5 Kb6 37. Ne6 b4 38. axb4 axb4 39. Nf4 Rd6 40. Kd2 Rd8 41. Nd3 b3 42. cxb3 Ra8 43. Nb4 Bb7 44. Nxd5+ Bxd5 45. Rxd5 Ra2+ 46. Kc3 Kc6 47. Re5 Kd6 48. Re3 Rxf2 49. Rg3 Rf4 50. Rxg6+ Kd5 51. Rg5 Rxh4 52. Rxf5+ Ke6 53. Re5+ Kd6 54. Re2 Rg4 55. Kc4 Kc6 56. b4 h4 57. Rf2 Kb6 58. Rf6+ Kb7 59. Rh6 Rxg2 60. Rxh4 Rc2+ 61. Kb5 Rd2 62. Kc5 Kc7 63. d5 Rc2+ 64. Rc4 Rd2 65. b5 Rd1 66. b6+ Kb7 67. Rb4 Rc1+ 68. Kd6 Rd1 69. Kc5 Rc1+ 70. Kd4 Rd1+ 71. Ke5 Re1+ 72. Kf5 Rh1 73. d6 Rh5+ 74. Ke6 Rh6+ 75. Kd5 1/2-1/2

[Event "GRE-chT 35th"]
[Site "Ermioni Argolidas"]
[Date "2006.07.07"]
[Round "5"]
[White "Tsangaris, Spyridon"]
[Black "Staboulis, Evangelos"]
[Result "1/2-1/2"]
[WhiteElo "1902"]
[BlackElo "2030"]
[PlyCount "73"]
[EventDate "2006.07.03"]
[EventType "team"]
[EventRounds "9"]
[EventCountry "GRE"]
[SourceTitle "CBM 113 Extra"]
[Source "ChessBase"]
[SourceDate "2006.09.14"]
[SourceVersion "1"]
[SourceVersionDate "2006.09.14"]
[SourceQuality "1"]

1. c4 e5 2. Nc3 Nf6 3. g3 g6 4. Bg2 Bg7 5. d3 d6 6. Nf3 Nc6 7. Bd2 0-0 8. Qc1 Ne8 9. Bh6 f5 10. Bxg7 Kxg7 11. Qd2 Ne7 12. h4 Nf6 13. Ng5 h6 14. Nf3 Bd7 15. e3 Bc6 16. b4 Ng4 17. b5 Bd7 18. Ne2 c6 19. a4 Qb6 20. 0-0 Ng8 21. Nh2 Nxh2 22. Kxh2 g5 23. hxg5 hxg5 24. bxc6 Bxc6 25. Rab1 Qc7 26. Qb4 Ne7 27. Bxc6 Qxc6 28. f3 b6 29. a5 Rh8+ 30. Kg1 g4 31. Qb5 gxf3 32. Qxc6 Nxc6 33. Rxf3 Nxa5 34. Rxf5 Raf8 35. Rxf8 Rxf8 36. Kg2 Nb7 37. Nc3 1/2-1/2

[Event "GRE-chT 35th"]
[Site "Ermioni Argolidas"]
[Date "2006.07.??"]
[Round "8"]
[White "Tsangaris, Spyridon"]
[Black "Fragakis, Efstratios"]
[Result "1/2-1/2"]
[WhiteElo "1902"]
[BlackElo "2131"]
[PlyCount "122"]
[EventDate "2006.07.03"]
[EventType "team"]
[EventRounds "9"]
[EventCountry "GRE"]
[SourceTitle "CBM 113 Extra"]
[Source "ChessBase"]
[SourceDate "2006.09.14"]
[SourceVersion "1"]
[SourceVersionDate "2006.09.14"]
[SourceQuality "1"]

1. c4 e5 2. Nc3 Nf6 3. g3 d5 4. cxd5 Nxd5 5. Bg2 Nb6 6. Nf3 Nc6 7. d3 Be7 8. a3 0-0 9. 0-0 Re8 10. b4 a5 11. b5 Nd4 12. a4 Bb4 13. Na2 Be6 14. Nxb4 Bb3 15. Qd2 axb4 16. Nxd4 exd4 17. Qxb4 Rxa4 18. Rxa4 Bxa4 19. Re1 Qd7 20. Bxb7 Bxb5 21. Bf3 Na4 22. Bd2 c5 23. Qb3 Bc6 24. Bxc6 Qxc6 25. e3 h5 26. h4 Nb6 27. Rc1 Qd6 28. e4 Nd7 29. Bf4 Qa6 30. Qc4 Qb6 31. Qd5 Qb5 32. Qc4 Qb2 33. Qc2 Qb6 34. Rb1 Qe6 35. Kg2 Ra8 36. Qb3 Qg4 37. Qd1 Qg6 38. Qb3 Ra6 39. Qb5 Rb6 40. Qxd7 Rxb1 41. Qc8+ Kh7 42. Qxc5 Qg4 43. Bc1 Kg8 44. Qc2 Rb8 45. Bf4 Rc8 46. Qa4 Rd8 47. Be5 Qd7 48. Qxd7 Rxd7 49. Kf3 f6 50. Bf4 Re7 51. Bd6 Rd7 52. e5 Kf7 53. Ke4 Ke6 54. f4 f5+ 55. Kxd4 Ra7 56. Ke3 Kd5 57. Bb4 Ra1 58. Bc3 Rg1 59. Kf3 Rc1 60. Bb4 Rc2 61. Ke3 g6 1/2-1/2